| 000 | 01283nam a22003617a 4500 | ||
|---|---|---|---|
| 003 | CHAP | ||
| 005 | 20220817042059.0 | ||
| 008 | 971013s1979 r 00010 d | ||
| 010 | _a33962 | ||
| 011 | _a34934 | ||
| 035 | _a39050 | ||
| 040 | _cCHAP | ||
| 082 |
_a630.9726 _bM43 |
||
| 100 | 0 | 0 |
_aMéndez Góngora, Juan. _976507 |
| 245 | _aAnálisis agropecuario y forestal del estado de Yucatán | ||
| 260 |
_aMéxico, D.F. : _bDGEA, _c1979 |
||
| 300 |
_a83 p. _b: ilus. ; tabs |
||
| 490 |
_aEconotecnia Agrícola _v; v.3, No. 8 |
||
| 590 |
_aBATCH-UPD _b10 _c20130110 _lUCH01 _h0226 |
||
| 590 |
_aBATCH-UPD _b10 _c20130110 _lUCH01 _h1144 |
||
| 590 |
_aBATCH-UPD _b10 _c20130409 _lUCH01 _h2248 |
||
| 590 |
_aBATCH-UPD _b10 _c20130410 _lUCH01 _h1504 |
||
| 590 |
_aBATCH-UPD _b10 _c20130914 _lUCH01 _h0037 |
||
| 590 |
_aCONVERSION _b10 _c20130109 _lUCH01 _h1319 |
||
| 650 | 1 | 4 |
_aAgricultura _xYucatán. _91902 |
| 650 | 1 | 4 |
_aGanadería _xYucatán. _944861 |
| 830 | 0 |
_aEconotecnia agricola _v; v.3, No. 8 |
|
| 901 | _aBK | ||
| 942 | _cLIBRO | ||
| 949 |
_a630.9726 M43 _bBC _cLIBRO _d33724000049433 _eLIBRO _h75161 _i39050 _mD _si |
||
| 949 |
_a630.9726 M43 _bBC _cLIBRO _d33724000049649 _eLIBRO _fc.3 _h87408 _i39050 _mD _si |
||
| 949 |
_a630.9726 M43 _bBC _cLIBRO _d33724000049763 _eLIBRO _fc.2 _h75162 _i39050 _si |
||
| 999 |
_c33962 _d33962 |
||